000 01202aab a2200193 i 4500
001 768714001
003 CO-MdFUSB
005 20240320113144.0
008 240315t1992 ag a|||| |||| 00| 0 spa d
040 _bspa
_cCO-MdFUSB
041 _aspa
100 1 _aProaño, Patricio
_eautor
245 1 0 _aSalud integral :
_bbase bíblica
_c/ Patricio Proaño
300 _aVolumen 11, número 1 (enero - marzo, 1992), páginas 12-13
_c; 27 cm
520 _aDar y sostener la vida de todo lo creado no ha sido una tarea fácil para Dios. Siempre ha habido fuerzas opuestas a la vida y Dios ha tenido que actuar de diferentes formas en la historia para sostener su creación. Algunas de esas obras de Dios por la vida son: Dios crea todo para una vida abundante, Dios recrea la vida, Dios libera a su pueblo de condiciones sociales de muerte, Dios se preocupa por la salud física de su pueblo y establece leyes sanitarias, Dios da esperanzas de una vida mejor a su pueblo, Jesús es vida salud y esperanza, la iglesia y su misión por la vida.
653 _aSalud integral
773 0 _tIglesia y Misión
_049402
_959656
_gVolumen 11, número 1 (enero - marzo, 1992), páginas 12-13
_qpáginas 12
942 _cANA
999 _c51947
_d51947